|
|
|
|
| LEADER |
00000nab a2200000 a 4500 |
| 001 |
vtls000512659 |
| 003 |
SK-MaSNL |
| 005 |
20260304230533.0 |
| 008 |
160401c1994 xo 0 slo |
| 015 |
|
|
|a SNBRB19rr/mm-uuuuu
|
| 035 |
|
|
|a CL0512797
|
| 040 |
|
|
|a SNKBUCL
|b slo
|c SNKBUCL
|e AACR2
|
| 041 |
0 |
|
|a slo
|
| 044 |
|
|
|a xo
|c SK
|
| 080 |
|
|
|a 374:061.3
|2 1981
|
| 080 |
|
|
|a 374(485)
|2 1981
|
| 100 |
1 |
|
|a Danglová, Oľga,
|d 1941-
|4 aut
|9 23213
|
| 245 |
1 |
0 |
|a Miestna kultúra podľa švédskeho modelu
|c Oľga Danglová
|
| 300 |
|
|
|b Fotogr. 4
|
| 650 |
0 |
7 |
|a regionálna kultúra
|2 snkbucl
|9 67627
|
| 651 |
|
7 |
|a Švédsko
|2 snkbucl
|9 246039
|
| 655 |
|
7 |
|a články z novín a časopisov
|2 snkbucl
|9 267496
|
| 773 |
0 |
|
|t Národná osveta
|g Roč. 4, č. 1 (1994), s. 26-28
|
| 850 |
|
|
|a Slovenská národná knižnica v Martine
|a MTA001
|
| 852 |
|
|
|a SNK
|b KIS3GCP
|
| 958 |
|
|
|a RK
|
| 999 |
|
|
|c 3183613
|d 3185543
|